Quiz geograficzny A - Z (Dla Geomexa) - Statystyki

Ogólne statystyki
  • Ten quiz został rozwiązany 32 razy
  • Średni wynik to 16 z 23
Statystyki odpowiedzi
Litera Pytanie Odpowiedź % Poprawnych
N Stan gdzie leży Las Vegas Nevada
87%
P Najpopularniejsze imię męskie w Polsce Piotr
87%
S Ten kraj pokonał Polskę w barażu mś 2026 Szwecja
87%
A Południowy region Hiszpanii Andaluzja
83%
M Europejski kraj z kierunkiem geograficznym w nazwie Macedonia Północna
83%
E Śródlądowy kraj w afryce Etiopia
80%
R Imię najbardziej znanej Polskiej osoby na świecie Robert
80%
T Jeden z gospodarzy euro 2032 Turcja
80%
U Stolica Mongolii Ułan Bator
80%
F Najludniejszy kraj na tą literę Filipiny
77%
Z Lubelskie miasto na Liście Unesco Zamość
77%
Y Angielska nazwa kraju położonego na półwyspie Arabskim Yemen
73%
I Najbliższy sojusznik USA Izrael
73%
L Kraj z najkrótszą średnią długością życia Lesotho
70%
0 Południowy lub arktyczny Ocean
70%
G Najwyższy szczyt Australii Góra Kościuszki
60%
B Zatoka na wschód od Indii Bengalska
57%
C Region Meksyku identyczny jak nazwa rasy psa Chihuahua
53%
K Język urzędowy Kambodży Khmerski
47%
D Największe miasto świata Dżakarta
43%
H Rodzinne miasto Baracka Obamy Honolulu
43%
J Drugie największe miasto Japonii Jokohama
43%
W Region Belgii związany z Francją Walonia
20%
Nie znaleziono quizów pasujących do podanych kryteriów
Rozkład punktacji
Procent ludzi z każdym wynikiem
Percentyl według liczby udzielonych odpowiedzi
Twoja historia wyników
Nie rozwiązałeś tego quizu